| 000 | 00514nam a22001697a 4500 | ||
|---|---|---|---|
| 999 |
_c25342 _d25342 |
||
| 003 | BDDh-ASL | ||
| 005 | 20231015030458.0 | ||
| 008 | 210630s2009 ii ||||| |||| 00| 0 eng d | ||
| 040 |
_aBDDh-ASL _cBDDh-ASL |
||
| 082 |
_a954 _bIND |
||
| 245 | 0 | 0 | _aIndia's Partition: Process, Strategy and Mobilization / |
| 260 |
_aNew Delhi: _bOxford University Press, _c2009. |
||
| 300 |
_a434 p. : _c22 cm. |
||
| 650 | 0 |
_aPartition (দেশভাগ) _zIndia _94171 |
|
| 700 | 1 |
_94170 _aHasan, Mushirul |
|
| 942 |
_2ddc _cBK |
||